| 000 | 00760cam a2200145 4500500 | ||
|---|---|---|---|
| 005 | 20260208010541.0 | ||
| 041 | _afre | ||
| 042 | _adc | ||
| 100 | 1 | 0 |
_aCavaillé, Jean-Pierre _eauthor |
| 245 | 0 | 0 | _aÉtienne de La Boétie, Discours de la servitude volontaire, texte établi et annoté par André et Luc Tournon. Suivi de Les paradoxes de la servitude volontaire, études de Philippe Audegean, Tristan Dagron, Laurent Gerbier, Florent Lillo, Olivier Remaud, Luc Tournon, Paris, Vrin, 2002, 175 p. |
| 260 | _c2005. | ||
| 500 | _a45 | ||
| 786 | 0 | _nRevue philosophique de la France et de l'étranger | 130 | 1 | 2005-03-01 | p. 77zy-130zy | 0035-3833 | |
| 856 | 4 | 1 | _uhttps://shs.cairn.info/revue-philosophique-2005-1-page-77zy?lang=fr&redirect-ssocas=7080 |
| 999 |
_c1657090 _d1657090 |
||